Radio broadcasting stations in Latin North America.

Bibliographic Details
Corporate Author: United States. Bureau of Foreign and Domestic Commerce
Format: Government Document eBook
Language:English
Published: Washington, D.C. : [publisher not identified], [1929]
Subjects:
Online Access:Connect to the full text of this electronic document

MARC

Tag First Indicator Second Indicator Subfields
LEADER 00000cam a22000001a 4500
001 in00003675673
006 m o d f
007 cr bn mmmapmmp
008 040714s1929 dcu o f000 0 eng d
005 20260611191004.9
035 |a ebd1910209912 
040 |a UMI  |c UMI  |d UtOrBLW 
086 0 |a C 18.87:L 34 
099 |a C18.87-14 
245 0 0 |a Radio broadcasting stations in Latin North America. 
264 1 |a Washington, D.C. :  |b [publisher not identified],  |c [1929] 
300 |a 1 online resource (2 pages) 
336 |a text  |b txt  |2 rdacontent 
337 |a computer  |b c  |2 rdamedia 
338 |a online resource  |b cr  |2 rdacarrier 
500 |a [List by country and city, with call letters, wavelength, and power] 
500 |a Record is based on bibliographic data in ProQuest U.S. Executive Branch Documents, 1910-1932. Reuse except for individual research requires license from ProQuest, LLC. 
533 |a Electronic reproduction.  |b [Bethesda, Md.] :  |c ProQuest,  |d 2012.  |e digital, PDF file.  |n ProQuest U.S. Executive Branch Documents, 1910-1932.  |n Mode of access: World Wide Web via ProQuest website. 
538 |a System requirements: PDF reader software. 
500 |a Electronic resource. 
650 0 |a Radio stations.  |0 http://id.loc.gov/authorities/subjects/sh85110575 
655 7 |a Electronic books.  |2 local 
710 1 |a United States.  |b Bureau of Foreign and Domestic Commerce.  |0 http://id.loc.gov/authorities/names/n78091156 
776 1 8 |i Microfiche version:  |t Radio broadcasting stations in Latin North America  |o CIS US Exec MF C18.87-14  |w (ProQuest)cis19126252 
856 4 0 |u http://proxy.library.tamu.edu/login?url=https://congressional.proquest.com/congressional/docview/t66.d71.c18.87-14  |z Connect to the full text of this electronic document  |t 0 
999 f f |s 7671bc4a-6202-309d-a1c4-b08975fa72ff  |i c75b73a4-20c0-3147-9325-a394f0950933  |t 0 
952 f f |a Texas A&M University  |b College Station  |c Electronic Resources  |s www_evans  |d Available Online  |t 0  |h No information provided 
998 f f |t 0  |l Available Online